Mujeres y guerra : (Registro nro. 49468)

Detalles MARC
000 -LEADER
fixed length control field 01746cam a2200313 a 4500
003 - CONTROL NUMBER IDENTIFIER
control field CO-CtgCURN
005 - DATE AND TIME OF LATEST TRANSACTION
control field 20250821172107.0
008 - FIXED-LENGTH DATA ELEMENTS--GENERAL INFORMATION
fixed length control field 140225s2011 ck abdogr 000 0 spa
015 ## - NATIONAL BIBLIOGRAPHY NUMBER
National bibliography number ck-2011-xxxx
020 ## - INTERNATIONAL STANDARD BOOK NUMBER
International Standard Book Number 9789587583441
040 ## - CATALOGING SOURCE
Original cataloging agency CO-CtgCURN
Language of cataloging spa
Transcribing agency coctgcurn
Description conventions rda
082 04 - DEWEY DECIMAL CLASSIFICATION NUMBER
Classification number 305.42098611
Item number C733
Edition information 23
110 2# - MAIN ENTRY--CORPORATE NAME
Corporate name or jurisdiction name as entry element Colombia. Comisión Nacional de Reparación y Reconciliación.
Subordinate unit Grupo de Memoria Histórica.
245 10 - TITLE STATEMENT
Title Mujeres y guerra :
Remainder of title víctimas y resistentes en el Caribe colombiano /
Statement of responsibility, etc. Grupo de Memoria Histórica.
250 ## - EDITION STATEMENT
Edition statement primera edición.
260 ## - PUBLICATION, DISTRIBUTION, ETC.
Place of publication, distribution, etc. Bogotá :
Name of publisher, distributor, etc. Taurus,
Date of publication, distribution, etc. 2011.
300 ## - PHYSICAL DESCRIPTION
Extent 406 p. :
Other physical details fot., gráficos, il., mapas (algunos col.) ;
Dimensions 23 cm.
336 ## - CONTENT TYPE
Source rdacontent
337 ## - MEDIA TYPE
Source rdamedia
338 ## - CARRIER TYPE
Source rdacarrier
490 0# - SERIES STATEMENT
Series statement Taurus. Pensamiento
500 ## - GENERAL NOTE
General note "Informe del Grupo de Memoria Histórica de la Comisión Nacional de Reparación y Reconciliación"--Cubierta.
504 ## - BIBLIOGRAPHY, ETC. NOTE
Bibliography, etc. note Bibliografía: p. 389-406.
520 2# - SUMMARY, ETC.
Summary, etc. Este Informe reconstruye los impactos que tuvieron las disputas armadas entre las guerrillas y los paramilitares sobre la vida de las mujeres en la región Caribe entre 1997 y 2005. Las huellas de la guerra se presentan desde dos dimensiones: una se refiere a los repertorios de violencia y regulación social ejercidos por los paramilitares para construir órdenes sociales; y la otra, a las resistencias impulsadas por las mujeres a lo largo y ancho de ese territorio.
650 14 - SUBJECT ADDED ENTRY--TOPICAL TERM
Topical term or geographic name entry element Mujeres
General subdivision Condiciones sociales
Geographic subdivision Región Caribe (Colombia)
Form subdivision Informes.
650 24 - SUBJECT ADDED ENTRY--TOPICAL TERM
Topical term or geographic name entry element Mujeres y guerra
Geographic subdivision Región Caribe (Colombia)
Form subdivision Informes.
942 ## - ADDED ENTRY ELEMENTS (KOHA)
Source of classification or shelving scheme Dewey Decimal Classification
Koha item type Libros
Classification part 305.42098611
Item part C733
Existencias
Withdrawn status Lost status Source of classification or shelving scheme Damaged status Not for loan Collection Home library Current library Shelving location Date acquired Source of acquisition Cost, normal purchase price Total checkouts Full call number Barcode Date last seen Copy number Price effective from Koha item type
    Dewey Decimal Classification     General Miguel Henríquez Castañeda Miguel Henríquez Castañeda General 08/21/2025 Centro Nacional de Memoria Histórica 33000.00   305.42098611 C733 021437 11/06/2018 ej.1 11/06/2018 Libros